000 00607nam a2200205 i 4500
001 33507
003 ES-MaACL
005 20250808062528.0
007 t|
008 030202s1955 sp ||||1| spa d
100 1 _aBiot, René.
_928951
245 1 0 _aConfianza en la vida /
_cRené Biot ; versión castellana de Ana María Arranz Carabias.
260 _aSan Sebastián :
_bDinor,
_c1955 (
_fIzarra)
300 _a175 p. ;
_c19 cm.
490 1 _aPrisma
700 1 _aArranz Carabias, Ana María.
_923222
830 0 0 _aPrisma
_9180749
852 _aES-MaACL
_jC-10602
_bR.38399
999 _c33507
_d33507